Influencia de los parámetros geométricos sobre la descarga en vertederos de pared gruesa /

Guardado en:
Autor Principal: Larrea, Juan C.
Formato: Libro
Idioma:Spanish
Publicado: Bahía Blanca : Universidad Nacional del Sur, 1979.
Etiquetas: Agregar Etiqueta
Sin Etiquetas, Sea el primero en etiquetar este registro!
LEADER 00501nam a22001455a 4500
001 EUN.um038490
003 AR-BaUNS
005 20050623122910.0
008 041125s1979####ag############000#0#spa#d
245 1 0 |a Influencia de los parámetros geométricos sobre la descarga en vertederos de pared gruesa /  |c Juan C. Larrea. 
260 |a Bahía Blanca :  |b Universidad Nacional del Sur,  |c 1979. 
300 |a 7 h. 
100 1 |a Larrea, Juan C. 
082 0 4 |a 627.8 
859 |a Ar-BaUNS  |b BIB. CENTRAL - Sector C  |h 627.8  |i L328-1  |p 87893/981